Antología de urgencia (Record no. 126143)

MARC details
000 -LEADER
campo de control de longitud fija 00790nam a2200229 4500
001 - NÚMERO DE CONTROL
campo de control 126143
003 - IDENTIFICADOR DE NÚMERO DE CONTROL
campo de control ES-MaACL
005 - FECHA Y HORA DE LA ÚLTIMA TRANSACCIÓN
campo de control 20240607062957.0
007 - CAMPO FIJO DE DESCRIPCIÓN FÍSICA--INFORMACIÓN GENERAL
campo de control de longitud fija t|
008 - DATOS DE LONGITUD FIJA--INFORMACIÓN GENERAL
campo de control de longitud fija 070214s1977 sp r ||||1| spa d
100 1# - ENTRADA PRINCIPAL--NOMBRE DE PERSONA
Nombre de persona Rejano, Juan,
Fechas asociadas al nombre 1903-1976
9 (RLIN) 96098
245 10 - MENCIÓN DEL TÍTULO
Título Antología de urgencia
Resto del título : edición-homenaje /
Mención de responsabilidad, etc. Juan Rejano ; [al cuidado de Mariano Roldán y Manuel Mantero].
260 ## - PUBLICACIÓN, DISTRIBUCIÓN, ETC.
Lugar de publicación, distribución, etc. Madrid :
Nombre del editor, distribuidor, etc. [s. n.],
Fecha de publicación, distribución, etc. 1977 (
Fabricante Gráf. Uguina)
300 ## - DESCRIPCIÓN FÍSICA
Extensión 47 p., 1 lám. = retr. aut. ;
Dimensiones 22 cm.
490 1# - MENCIÓN DE SERIE
Mención de serie Colección Dulcinea ;
Designación de volumen o secuencia 6
700 0# - ENTRADA AGREGADA--NOMBRE PERSONAL
Nombre de persona Roldán, Mariano,
Fechas asociadas al nombre 1932-2019
9 (RLIN) 99139
700 0# - ENTRADA AGREGADA--NOMBRE PERSONAL
Nombre de persona Mantero, Manuel,
Fechas asociadas al nombre 1930-
9 (RLIN) 76156
830 0# - PUNTO DE ACCESO ADICIONAL DE SERIE-TÍTULO UNIFORME
Título uniforme Colección Dulcinea ;
Designación de volumen o secuencia 6
9 (RLIN) 187471
852 ## - LOCALIZACIÓN
Ubicación ES-MaACL
Número de control de estantería 2093-F-21
Sublocalización o colección R.96353
942 ## - ELEMENTOS DE ENTRADA SECUNDARIOS (KOHA)
Fuente del sistema de clasificación o colocación Clasificación decimal universal
Holdings
Estatus retirado Estado de pérdida Estado de daño No para préstamo Colección Biblioteca de origen Biblioteca actual Ubicación en estantería Fecha de adquisición Fuente de adquisición Total de préstamos Signatura topográfica completa Código de barras Visto por última vez Precio de reemplazo Tipo de ítem Koha
        Colección de folletos Biblioteca del Ateneo de Madrid Biblioteca del Ateneo de Madrid Depósito folletos 17/01/2008     2093-F-21 1131392 23/02/2023 23/02/2023 Folleto